| 000 | 00790nam a22002777a 4500 | ||
|---|---|---|---|
| 001 | BR9500351 | ||
| 003 | BR-BrBNA | ||
| 005 | 20230928094418.0 | ||
| 007 | ta | ||
| 008 | 230509b bl.||||| |||| 00| 0 por d | ||
| 040 |
_aBR-BrBNA _bpor _cBiblioteca Nacional de Agricultura |
||
| 041 | _a(Por) | ||
| 072 |
_aP06; E14 _b8961 |
||
| 090 | _ 8961 BR9500351 | ||
| 100 | 1 | _aAlbuquerque, J.L. | |
| 110 | 1 | _aBanco do Nordeste do Brasil S.A., Fortaleza, CE (Brasil) | |
| 245 | 1 | _aO Programa Nacional de Alcool e suas perspectivas para o Nordeste | |
| 260 | 3 |
_aFortaleza, CE (Brasil): _c1977. |
|
| 300 | _a27 p. | ||
| 500 | _a13 tables | ||
| 650 | _aAlcool | ||
| 650 | _aPrograma de Desenvolvimento | ||
| 650 | _aRegiao Nordeste | ||
| 909 |
_a202309 _bLucia _c55 _dLucia Elande |
||
| 942 | _cBK | ||
| 999 |
_c50588 _d50588 |
||